Análisis Numérico con Aplicaciones
| Main Authors: | , |
|---|---|
| Format: | Section = Libro |
| Language: | Undetermined Spanish |
| Published: |
México
Pearson Educación
2000
|
| Edition: | 6a.ed. |
| Subjects: |
| LEADER | 00638nam a2200241Ia 4500 | ||
|---|---|---|---|
| 008 | 241007s9999||||xx |||||||||||||| ||und|| | ||
| 020 | |a 968-444-393-5 | ||
| 040 | |a BIBLIOTECA-RURC/ 519.4 G354 | ||
| 041 | |a spa | ||
| 082 | |a 519.4 G354 | ||
| 100 | 1 | |a Curtis F, Gerald | |
| 100 | 1 | |b Patrick O. Wheatley. | |
| 245 | 1 | 0 | |a Análisis Numérico con Aplicaciones |
| 250 | |a 6a.ed. | ||
| 260 | |a México |b Pearson Educación |c 2000 | ||
| 300 | |a 698 p. :il. | ||
| 650 | 7 | |a CALCULO NUMERICO | |
| 650 | 7 | |b ECUACIONES NO LINEALES | |
| 650 | 7 | |c DERIVACION NUMERICA | |
| 650 | 7 | |d NTERPOLACIONES | |
| 942 | |c BK |2 ddc | ||
| 991 | |a TEXTO | ||
| 999 | |c 14386 | ||